Designing Clinical Research: (Record no. 4598)

MARC details
000 -LEADER
fixed length control field 00980cam a22003014a 4500
001 - CONTROL NUMBER
control field 12017477
003 - CONTROL NUMBER IDENTIFIER
control field OSt
005 - DATE AND TIME OF LATEST TRANSACTION
control field 20180321132611.0
008 - FIXED-LENGTH DATA ELEMENTS--GENERAL INFORMATION
fixed length control field 000523s2001 paua b 001 0 eng c
010 ## - LIBRARY OF CONGRESS CONTROL NUMBER
LC control number 00042418
020 ## - INTERNATIONAL STANDARD BOOK NUMBER
International Standard Book Number 0781722187
035 ## - SYSTEM CONTROL NUMBER
System control number (DNLM)100956054
040 ## - CATALOGING SOURCE
Original cataloging agency DNLM/DLC
Transcribing agency DLC
Modifying agency DLC
042 ## - AUTHENTICATION CODE
Authentication code pcc
082 00 - DEWEY DECIMAL CLASSIFICATION NUMBER
Classification number WA 950
Item number D49 2001
100 ## - MAIN ENTRY--PERSONAL NAME
Personal name Hulley, Stephen B. [et...al]
9 (RLIN) 12554
245 00 - TITLE STATEMENT
Title Designing Clinical Research:
Remainder of title an epidemiologic approach
250 ## - EDITION STATEMENT
Edition statement 2nd ed.
260 ## - PUBLICATION, DISTRIBUTION, ETC. (IMPRINT)
Place of publication, distribution, etc. Philadelphia;
Name of publisher, distributor, etc. Lippincott Williams & Wilkins,
Date of publication, distribution, etc. 2001.
300 ## - PHYSICAL DESCRIPTION
Extent xv, 336 p. :
Other physical details ill. ;
Dimensions 26 cm.
504 ## - BIBLIOGRAPHY, ETC. NOTE
Bibliography, etc Includes bibliographical references and index.
650 #0 - SUBJECT ADDED ENTRY--TOPICAL TERM
Topical term or geographic name as entry element Clinical trials
9 (RLIN) 9866
650 #0 - SUBJECT ADDED ENTRY--TOPICAL TERM
Topical term or geographic name as entry element Research methods
9 (RLIN) 9867
856 42 - ELECTRONIC LOCATION AND ACCESS
Materials specified Publisher description
Uniform Resource Identifier http://www.loc.gov/catdir/enhancements/fy0711/00042418-d.html
906 ## - LOCAL DATA ELEMENT F, LDF (RLIN)
a 7
b cbc
c orignew
d 1
e ocip
f 19
g y-gencatlg
942 ## - ADDED ENTRY ELEMENTS (KOHA)
Source of classification or shelving scheme Other/Generic Classification Scheme
Koha item type Open Shelf
Holdings
Withdrawn status Lost status Source of classification or shelving scheme Damaged status Not for loan Home library Current library Date acquired Source of acquisition Inventory number Total Checkouts Full call number Barcode Date last seen Koha item type
    Other/Generic Classification Scheme     MUST Main Library MUST Main Library 01/07/2016   04/20783   WA950 H49d 2001 2016-2944 01/07/2016 Open Shelf
    Other/Generic Classification Scheme     MUST Main Library MUST Main Library 07/07/2016   04/20784   WA950 H49d 2001 2016-3036 07/07/2016 Open Shelf